|
|
|
|
| LEADER |
00000naa2a2200000 4500 |
| 001 |
193806 |
| 005 |
20231031182037.0 |
| 035 |
|
|
|a (RuTPU)RU\TPU\book\211354
|
| 090 |
|
|
|a 193806
|
| 100 |
|
|
|a 20110329d2010 k y0rusy50 ca
|
| 101 |
0 |
|
|a rus
|
| 102 |
|
|
|a RU
|
| 200 |
1 |
|
|a Радлов В. В. и Алтай
|f Е. Л. Чевалкова
|
| 320 |
|
|
|a Библиогр.: 4 назв.
|
| 463 |
|
0 |
|0 (RuTPU)RU\TPU\book\205127
|y 978-5-98298-643-6
|t Актуальные проблемы гуманитарных наук
|o сборник трудов IX Международной научно-практической конференции студентов, аспирантов и молодых ученых, 22-23 апреля 2010 г., Томск
|f Национальный исследовательский Томский политехнический университет (ТПУ)
|v С. 405-406
|d 2010
|p 564 с.
|
| 600 |
|
1 |
|a Радлов
|b В. В. (Ф. В.)
|c настоящее имя Фридрих Вильгельм
|c российский востоковед-тюрколог
|f 1837-1918
|g Василий Васильевич
|c этнограф
|c переводчик
|2 stltpush
|3 (RuTPU)RU\TPU\pers\22412
|
| 610 |
1 |
|
|a Алтай
|
| 610 |
1 |
|
|a востоковеды
|
| 610 |
1 |
|
|a этнография
|
| 610 |
1 |
|
|a народы
|
| 610 |
1 |
|
|a исследование
|
| 610 |
1 |
|
|a языки
|
| 610 |
1 |
|
|a культура
|
| 610 |
1 |
|
|a тюркские народы
|
| 610 |
1 |
|
|a алтайцы
|
| 610 |
1 |
|
|a труды учёных ТПУ
|
| 700 |
|
1 |
|a Чевалкова
|b Е. Л.
|
| 801 |
|
1 |
|a RU
|b 63413507
|c 20110329
|
| 942 |
|
|
|c BK
|